BSOP header

Ghost boy : (Record no. 40920)

MARC details
000 -LEADER
fixed length control field 01010cam a2200289 i 4500
001 - CONTROL NUMBER
control field 17888202
005 - DATE AND TIME OF LATEST TRANSACTION
control field 20180305141035.0
008 - FIXED-LENGTH DATA ELEMENTS--GENERAL INFORMATION
fixed length control field 130916s2013 tnua 000 0aeng
010 ## - LIBRARY OF CONGRESS CONTROL NUMBER
LC control number 2013024265
020 ## - INTERNATIONAL STANDARD BOOK NUMBER
International Standard Book Number 9781400205837 (alk. paper)
040 ## - CATALOGING SOURCE
Original cataloging agency DLC
Language of cataloging eng
Transcribing agency DLC
Description conventions rda
Modifying agency DLC
042 ## - AUTHENTICATION CODE
Authentication code pcc
043 ## - GEOGRAPHIC AREA CODE
Geographic area code f-sa---
100 1# - MAIN ENTRY--PERSONAL NAME
Personal name Pistorius, Martin,
Dates associated with a name 1975-
245 10 - TITLE STATEMENT
Title Ghost boy :
Remainder of title the miraculous escape of a misdiagnosed boy trapped inside his own body /
Statement of responsibility, etc Martin Pistorius.
264 #1 - PRODUCTION, PUBLICATION, DISTRIBUTION, MANUFACTURE STATEMENTS
Place of production, publication, distribution, manufacture Nashville :
Name of producer, publisher, distributor, manufacturer <a href="Thomas Nelson,">Thomas Nelson,</a>
Date of production, publication, distribution, manufacture 2013.
300 ## - PHYSICAL DESCRIPTION
Extent xi, 276 pages ;
Other physical details illustrations :
Dimensions 21 cm
336 ## - CONTENT TYPE
Content Type Term text
Source rdacontent
337 ## - MEDIA TYPE
Media Type Term unmediated
Source rdamedia
338 ## - CARRIER TYPE
Carrier Type Term volume
Source rdacarrier
600 10 - SUBJECT ADDED ENTRY--PERSONAL NAME
Personal name Pistorius, Martin
General subdivision Health.
650 #0 - SUBJECT ADDED ENTRY--TOPICAL TERM
Topical term or geographic name as entry element Communicative disorders in children
General subdivision Patients
Geographic subdivision South Africa
Form subdivision Biography.
650 #0 - SUBJECT ADDED ENTRY--TOPICAL TERM
Topical term or geographic name as entry element Mutism
Form subdivision Anecdotes.
650 #0 - SUBJECT ADDED ENTRY--TOPICAL TERM
Topical term or geographic name as entry element Communicative disorders
General subdivision Patients
-- Education.
650 #0 - SUBJECT ADDED ENTRY--TOPICAL TERM
Topical term or geographic name as entry element Communication devices for people with disabilities.
942 ## - ADDED ENTRY ELEMENTS (KOHA)
Source of classification or shelving scheme Library of Congress Classification
Item type Books

No items available.

BSOP

Biblical Seminary of the Philippines
  All rights Reserved
  © 2024

CONTACT INFORMATION

Biblical Seminary of the Philippines,
  77-B Karuhatan Road, Valenzuela City,
  PHILIPPINES 1441
  Phone: +632 8292-6795 / 8292-6798
  Fax : +632 8292-6675
  Email: library@bsop.edu.ph